| Tag |
First Indicator |
Second Indicator |
Subfields |
| LEADER |
00000cam a2200000 4500 |
| 001 |
in00005654635 |
| 007 |
t| |
| 008 |
240611t20242024gw a 000 0 eng d |
| 005 |
20250802185345.9 |
| 035 |
|
|
|a (OCoLC)on1437528471
|
| 040 |
|
|
|a YDX
|b eng
|c YDX
|d OHX
|d RSD
|d OCLCO
|d ZLM
|d UKMGB
|d AVA
|d OCLCO
|
| 020 |
|
|
|a 9783897907201
|
| 020 |
|
|
|a 3897907208
|
| 024 |
8 |
|
|a CIPO000183841
|
| 035 |
|
|
|a (OCoLC)1437528471
|
| 041 |
|
|
|a eng
|a ger
|
| 050 |
|
4 |
|a NK7198.C446
|b A4 2024
|
| 082 |
0 |
4 |
|a 739.27092
|2 23
|
| 100 |
|
|
|a Shoshtary, Carina
|e editor
|
| 245 |
0 |
0 |
|a Attai Chen :
|b all the world's a stage.
|
| 246 |
3 |
|
|a All the world's a stage
|
| 264 |
|
1 |
|a Stuttgart, Germany :
|b Arnoldsche Art Publishers,
|c 2024.
|
| 264 |
|
4 |
|c ©2024
|
| 300 |
|
|
|a 103 pages :
|b color illustrations ;
|c 25 cm
|
| 336 |
|
|
|a text
|b txt
|2 rdacontent
|
| 337 |
|
|
|a unmediated
|b n
|2 rdamedia
|
| 338 |
|
|
|a volume
|b nc
|2 rdacarrier
|
| 500 |
|
|
|a 2023 Chen died in Munich, Germany (page 102)
|
| 505 |
0 |
|
|a Small worlds, after all / Glenn Adamson -- Terra Mutantica -- Cordyceps / Sool Park -- Cordyceps survivors -- Matter of perspective -- Silent downfalls, always gazing upward / Sool Park -- Dioramas -- Prayer nuts -- German texts -- Attai Chen, CV.
|
| 546 |
|
|
|a Text in English and German.
|
| 600 |
1 |
0 |
|a Chen, Attai,
|d 1979-
|
| 650 |
|
0 |
|a Art metal-work
|y 21st century.
|
| 650 |
|
0 |
|a Art metal-work.
|
| 650 |
|
6 |
|a Arts du métal.
|
| 650 |
|
6 |
|a Arts du métal
|y 21e siècle.
|
| 650 |
|
7 |
|a metalwork (visual works)
|2 aat
|
| 700 |
1 |
|
|a Chen, Attai,
|d 1979-
|e artist.
|1 https://id.oclc.org/worldcat/entity/E39PBJfh8KGCGBpCdkqrXmxkXd
|
| 700 |
1 |
|
|a Park, Sool,
|d 1986-
|e contributor.
|
| 700 |
1 |
|
|a Adamson, Glenn,
|e contributor
|1 https://id.oclc.org/worldcat/entity/E39PBJyhc6Ggc6qtGmWty7Ytrq
|
| 852 |
8 |
|
|b POD
|z This title is available for the library to purchase for your use. Click the "Purchase It For Me" button to place a request. This item will take 5-10 business days to arrive.
|
| 955 |
|
|
|a Print PDA title
|
| 961 |
|
|
|m 565730
|
| 999 |
f |
f |
|s 64f60298-6d97-4df2-b651-e6e4567a8b04
|i 17aa39c3-e124-4c43-bccb-cfdc4b655b70
|t 0
|
| 952 |
f |
f |
|a Texas A&M University
|b College Station
|c Sterling C. Evans Library
|d Purchase on Demand
|t 0
|e NK7198.C446 A4 2024
|h Library of Congress classification
|
| 998 |
f |
f |
|a NK7198.C446 A4 2024
|t 0
|l Purchase on Demand
|